LEADER 01254nam--2200385---450- 001 990003357120203316 005 20091210122256.0 010 $a88-8125-739-4 035 $a000335712 035 $aUSA01000335712 035 $a(ALEPH)000335712USA01 035 $a000335712 100 $a20091210d2005----km-y0itay50------ba 101 $aita 102 $aIT 105 $a||||||||001yy 200 1 $aIntroduzione alla pianificazione strategica in ambito pubblico$fFranco Archibugi 210 $aFirenze$cAlinea$dcopyr. 2005 215 $a264 p.$d24 cm 225 2 $aPianificazione territoriale, urbanistica ed ambientale$v18 410 0$12001$aPianificazione territoriale, urbanistica ed ambientale$v18 454 1$12001 461 1$1001-------$12001 606 0 $aAmministrazione pubblica$xProgrammazione 676 $a352.34 700 1$aARCHIBUGI,$bFranco$0437786 801 0$aIT$bsalbc$gISBD 912 $a990003357120203316 951 $aIII UR ARC 1(c/o stanza del prof. Bencardino)$b8066 DBC$cIII UR 959 $aBK 969 $aDBC 979 $aDBC$b90$c20091210$lUSA01$h1222 979 $aDBC$b90$c20091210$lUSA01$h1222 996 $aIntroduzione alla pianificazione strategica in ambito pubblico$91124121 997 $aUNISA LEADER 00934nam0-2200337---450 001 990009389240403321 005 20190514082549.0 010 $a9781597180757 035 $a000938924 035 $aFED01000938924 035 $a(Aleph)000938924FED01 035 $a000938924 100 $a20110630d2010----km-y0itay50------ba 101 0 $aeng 102 $aUS 105 $aa-------001yy 200 1 $a<>gentle introduction to Stata$fAlan C. Acock 205 $a3rd ed. 210 $aCollege Station, Texas$cStata Press$d2010 215 $axxii, 393$cill.$d24 cm 610 0 $aStatistica$aMetodi 676 $a005.55$v23$zita 676 $a519.50285536$v23$zita 700 1$aAcock,$bAlan C.$0511735 801 0$aIT$bUNINA$gRICA$2UNIMARC 901 $aBK 912 $a990009389240403321 952 $a60 519.502 ACOA 2010$b12674$fFAGBC 959 $aFAGBC 996 $aGentle introduction to Stata$9764177 997 $aUNINA